| 000 | 00398 a2200157 4500 | ||
|---|---|---|---|
| 003 | Nust | ||
| 005 | 20170207153529.0 | ||
| 040 | _cNust | ||
| 082 | _a297.211 | ||
| 100 | _aMehmood, SUltan Bashir | ||
| 245 |
_a Qayamat aur Hyatt Badul Moot _cEng Sultan Bashir Mehmood |
||
| 260 |
_aIslamabad _bAl Quran Rsearch Foundation |
||
| 300 | _a495:p | ||
| 538 | _aAlmirah No.60 and Shelf No.2 | ||
| 650 | _aAslam | ||
| 942 |
_2ddc _cBK |
||
| 999 |
_c187908 _d187908 |
||